000 00787nam a2200253Ia 4500
003 OSt
005 20221005030805.0
006 a|||||r|||| 00| 0
007 ta
008 221004b |||||||| |||| 00| 0 eng d
020 _a0521793599 (pbk)
_c1236.36
024 _a96143
037 _b220, 19/01/2009, Bhagwati Book Seller
_cTextual
040 _aCRL
_cCRL
_beng
041 _2eng
_aeng
082 _aO111,2J64:g, P2
100 _aMcEachern Claire Ed.
_9557108
245 0 _aCambridge companian to Shakespearean tragedy
260 _aCambridge
_bCUP UK
_c2002
300 _axiii,274p.
_ccm.
650 _aENGLISH LITERATURE
942 _hO111,2J64:g, P2
_cTEXL
_2cc
999 _c936750
_d936750